| 000 | 00563nam a22001817a 4500 | ||
|---|---|---|---|
| 005 | 20251108171853.0 | ||
| 008 | 250721s1989 xx 000 0 ara d | ||
| 082 | 1 | 4 | _a629.138/سهي |
| 100 | 1 | _aديب، سهيل | |
| 245 | 1 | 0 | _aأسرار الصحون الطائرة مع دراسة عن الكواكب و المركبات الفضائية / |
| 250 | _aط2 | ||
| 264 | 1 |
_aبيروت : _bدار النفائس، _c1989. |
|
| 300 | _a295ص : مص | ||
| 650 | 1 | 7 | _aالفضاء |
| 650 | 1 | 7 | _aالصحون الطائرة |
| 942 |
_2ddc _cBK |
||
| 999 |
_c64760 _d64760 |
||